Hang, động nổi tiếng ở Việt Nam

Sách giới thiệu các hang động nổi tiếng của Việt Nam trải dài trên đất hình chữ S. Qua đó là cuốn cẩm nang giúp bạn đọc tham quan du lịch hay nghiên cứu, tìm hiểu về đất nước cũng như con người Việt Nam thân thiện và mến khách....

Fuld beskrivelse

Đã lưu trong:
Bibliografiske detaljer
Hovedforfatter: Đặng Việt Thủy
Format: Bog
Sprog:Vietnamese
Udgivet: H. Hồng Đức 2018
Fag:
Tags: Tilføj Tag
Ingen Tags, Vær først til at tagge denne postø!
Thư viện lưu trữ: Thư viện Trường Đại học Nam Cần Thơ
LEADER 01103nam a22001937a 4500
001 NCT_57620
008 190114b xxu||||| |||| 00| 0 vie d
999 |c 2785  |d 2785 
020 |a 9786048923013  |c 85000 
082 0 4 |2 23rd ed.  |a 915.9704  |b Th523 
100 1 |a Đặng Việt Thủy 
245 1 0 |a Hang, động nổi tiếng ở Việt Nam  |c Đặng Việt Thủy 
260 |a H.  |b Hồng Đức  |c 2018 
300 |a 280 tr.  |c 21cm 
520 3 |a Sách giới thiệu các hang động nổi tiếng của Việt Nam trải dài trên đất hình chữ S. Qua đó là cuốn cẩm nang giúp bạn đọc tham quan du lịch hay nghiên cứu, tìm hiểu về đất nước cũng như con người Việt Nam thân thiện và mến khách. 
653 |a Quản trị DV Du lịch & Lữ hành 
942 |2 ddc  |c BK 
952 |0 0  |1 0  |2 ddc  |4 0  |6 915_970400000000000_TH523  |7 0  |9 15227  |a 000001  |b 000001  |d 2019-01-14  |o 915.9704 Th523  |p MD.14157  |r 2019-01-14  |v 85000.00  |w 2019-01-14  |y BK 
980 |a Thư viện Trường Đại học Nam Cần Thơ